Which Flight Is Longer? Quiz Stats

 Plays Quiz Updated Dec 11, 2018

Challenge
Share
Tweet
Embed
Score 0/20 Timer 06:00
5 Plays Today
Flight A Answer % Correct
Miami to Buenos Aires (MIA-EZE)???
75.8%
New York to Boston (LGA-BOS)???
69.4%
Mexico City to San Jose, CR (MEX-SJO)???
66.9%
Seattle to Portland (SEA-PDX)???
63.2%
Kinshasa to Addis Ababa (FIH-ADD)???
63.1%
Warsaw to Budapest (WAW-BUD)???
62.4%
London to San Francisco (LHR-SFO)???
62.1%
Santiago to Easter Island (SCL-IPC)???
61.8%
Cairo to Frankfurt (CAI-FRA)???
60.8%
Amsterdam to Moscow (AMS-SVO)???
56.7%
Flight A Answer % Correct
Sydney to Perth (SYD-PER)???
53.7%
Dublin to Boston (DUB-BOS)???
51.8%
Singapore to Delhi (SIN-DEL)???
51.8%
Lisbon to the Azores (LIS-PDL)???
51.5%
Washington to Las Vegas (IAD-LAS)???
50.8%
Los Angeles to Singapore (LAX-SIN)???
50.7%
Detroit to Atlanta (DTW-ATL)???
48.4%
Honolulu to Seoul (HNL-ICN)???
47.9%
Tokyo to Beijing (NRT-PEK)???
47.2%
Johannesburg to Dubai (JNB-DXB)???
44.9%

You're not logged in!

Compare scores with friends on all Sporcle quizzes.
OR
Log In

You Might Also Like...

Show Comments

Extras

Top Quizzes Today


Score Distribution

Your Account Isn't Verified!

In order to create a playlist on Sporcle, you need to verify the email address you used during registration. Go to your Sporcle Settings to finish the process.

Report this User

Report this user for behavior that violates our Community Guidelines.

Details: